Statistics for Formula E 2021: Drivers Grid

Click here to take the quiz!

General Stats

  • This quiz has been taken 44 times
  • The average score is 17 of 24

Answer Stats

TeamDriver% Correct
DS TecheetahJean-Eric Vergne
96%
Mercedes-Benz EQStoffel Vandoorne
96%
Audi Sport Abt SchaefflerLucas Di Grassi
89%
Mercedes-Benz EQNyck De Vries
89%
Nissan E.DamsSebastien Buemi
89%
DS TecheetahAntonio Felix Da Costa
85%
Jaguar RacingMitch Evans
85%
Jaguar RacingSam Bird
81%
Mahindra RacingAlexander Sims
78%
BMW I Andretti MotorsportJake Dennis
74%
Nissan E.DamsOliver Rowland
74%
Tag Heuer PorschePascal Wehrlein
74%
Tag Heuer PorscheAndre Lotterer
70%
ROKiT Venturi RacingEdoardo Mortara
70%
Envision Virgin RacingNick Cassidy
70%
ROKiT Venturi RacingNorman Nato
70%
Envision Virgin RacingRobin Frijns
70%
Audi Sport Abt SchaefflerRene Rast
67%
NIO 333 FE TeamOliver Turvey
63%
Mahindra RacingAlex Lynn
59%
Dragon/Penske AutosportSergio Sette Camara
52%
NIO 333 FE TeamTom Blomqvist
37%
BMW I Andretti MotorsportMaximilian Guenther
33%
Dragon/Penske AutosportNico Mueller
22%

Score Distribution

Percentile by Number Answered

Percent of People with Each Score

Your Score History

You have not taken this quiz